| 000 | 00000nam##2200000za#4500 |
| 001 | 9.570058 |
| 003 | CaOODSP |
| 005 | 20240527135426 |
| 007 | cr ||||||||||| |
| 008 | 150406|1995||||xxc|||||o f|0| 0 eng|d |
| 040 | |aCaOODSP|beng |
| 043 | |an-cn--- |
| 086 | 1 |aCW69-1/88E-PDF |
| 110 | 2 |aCanadian Wildlife Service. |
| 245 | 12|aA review of the environmental impacts of lead shotshell ammunition and lead fishing weights in Canada / |h[electronic resource]|c[by] A.M. Scheuhammer and S.L. Norris. |
| 260 | |aOttawa - Ontario : |bEnvironment Canada. |c1995. |
| 300 | |a56p.|bgraphs, maps, references, tables |
| 490 | 1 |aOccasional paper - Canadian Wildlife Service|vNo. 88 |
| 500 | |aThe catalogue number (CW69-1/88E), ISBN (0-662-23633-5) and ISSN (0576-6370) for the print edition have been incorrectly copied in this electronic publication. |
| 590 | |a11-29-Supp|b2011-11-25 |
| 720 | 1 |aScheuhammer, A. M. |
| 720 | 1 |aNorris, S. L. |
| 775 | 08|tExamen des impacts environnementaux de la grenaille et des plombs de pêche en plomb au Canada / |w(CaOODSP)9.600835 |
| 776 | 0#|tA review of the environmental impacts of lead shotshell ammunition and lead fishing weights in Canada / |w(CaOODSP)9.612455 |
| 830 | #0|aOccasional paper (Canadian Wildlife Service)|vNo. 88|w(CaOODSP)9.504780 |
| 856 | 40|ahttp://publications.gc.ca|qPDF|s1.05 MB|uhttps://publications.gc.ca/collections/Collection/CW69-1-88E.pdf|yNo. 88 |